| 000 | 01338 a2200229 4500 | ||
|---|---|---|---|
| 001 | 31685 | ||
| 005 | 20260407155620.0 | ||
| 008 | 260407a2014 arg spa d | ||
| 003 | AR-UNSa-BCEJYS | ||
| 040 |
_aAR-UNSa-BCEJYS _bspa _cAR-UNSa-BCEJYS |
||
| 080 |
_a351.9 _xSupervisión y control de la administración pública |
||
| 245 | 1 | 0 |
_aLos organismos federales de control en la Constitución _pde servicios públicos y fiscal |
| 020 | _a978-987-694-010-8 | ||
| 264 | 1 |
_aBuenos Aires : _bEdiciones Rap _c2014 |
|
| 300 |
_a184 p. _c24 cm. |
||
| 505 | _a1. Introducción: las divisiones del poder - 2. Nuevas formas de administración y los organismos constitucionales independientes - 3. Institutos constitucionales independientes - 4. Naturaleza, ubicación y función constitucional de los "organismos" - 6. Fundamentos de la independencia de los "organismos" - 7. Los "organismos de control" de los servicios públicos de competencia nacional - 8. El "organismo fiscal federal" previsto en la CN - 9. Reflexiones finales | ||
| 041 | _aspa | ||
| 942 | _cBK | ||
| 590 | _aniveau_biblio:m niveau_hierar:0 | ||
| 100 | 1 | _aPérez Hualde, Alejandro | |
| 856 | 4 | 1 |
_uhttps://biblioeco.unsa.edu.ar/pmb/images/libros/Los organismos federales de control en la contitucion de servicios publicos y fiscal-l125119.jpg _yImagen de portada _qimage/jpeg |
| 999 |
_c2209 _d2209 |
||